000 00484nam a22001817a 4500
003 MPLRDC
005 20220104123821.0
008 210129b ||||| |||| 00| 0 eng d
020 _a957-34-8177-4
082 _a947.416 SYZ v.3
100 _a西祐治 作
245 _a大厨师物语. 三
_c志水三喜郎 画; 美美 译
250 _a初版一刷
260 _a台湾
_b东立出版社有限公司
_c2000
300 _b226
650 _a漫画
942 _cBK
_o947.416 SYZ v.3
999 _c14429
_d14419